000 00283nam a2200109Ia 4500
008 210707s9999 xx 000 0 und d
041 _aeng
082 _aCD241
100 _aKenneth, C and others
245 _aManagement information systems
650 _aManagement Information System
999 _c177275
_d177275